000 01193nam a22002657a 4500
005 20170124103106.0
010 _aA-994886
020 _c150.00
035 _aA-994886
037 _bCen Lib/Ret
040 _aDPL
_bHN
082 _a080
_bपाण्डेय
100 _aपाण्डेय, सुरेन्द्र कुमार
_942777
245 _aउत्तर खोजते प्रश्न /
_cसुरेन्द्र कुमार पाण्डेय
246 _aUttar khojate prashan /
_bby Surendra Kumar Pandey
260 _aनई दिल्ली
_bप्रवीण प्रकाशन
_c1999
270 _bनई दिल्ली
_a1/1079-ई, महरौली
_e110030
300 _a183पृ.
_c19सेमी (सजिल्द)
500 _aग्रन्थ सूची भी शामिल
650 _aहिंदी--पत्रकारिता
_91191
650 _aसांस्कृतिक विकास--प्रयाग
_978333
650 _aHindi--Journalism
_943511
650 _aCultural development - Prayag
_978334
942 _2ddc
_cHN
_h080
_mपाण्डेय
999 _c118102
_d118102